000 00641nam a22002057a 4500
005 20140708123918.0
010 _aENG-109712
020 _a9788173816369
_c295.00
035 _aEN-93245
037 _bDBAD/PUB
082 _a591.55
100 _aRej, Swapan Kumar
245 0 0 _aSimplified course on parasitology and immunology /
_cby Swapan Kumar Rej [and] Rakhi Roy
260 _aKolkata
_bNew Central Book Agency
_c2013(repr.)
270 _a8/1 Chintamoni Das Lane
_bKolkata
_e700009
300 _aix,323p. :
_c24cm(pbk)
_bill.
500 _aIncludes index
700 _aRoy, Rakhi
942 _2ddc
_cEN
_mREJ
_h591.55
999 _c83512
_d83512